[Event "Chess24 Banter Blitz Cup"]
[Site "chess24.com INT"]
[Date "2020.01.07"]
[Round "2.5"]
[White "Ramirez, Alejandro"]
[Black "Grandelius, Nils"]
[Result "0-1"]
[WhiteTitle "GM"]
[BlackTitle "GM"]
[WhiteElo "2589"]
[BlackElo "2691"]
[WhiteFideId "6500617"]
[BlackFideId "1710400"]
[EventDate "2019.09.25"]
[EventType "blitz"]

1. d4 Nf6 2. c4 g6 3. Nc3 d5 4. cxd5 Nxd5 5. e4 Nxc3 6. bxc3 Bg7 7. Be3 c5 8.
Qd2 O-O 9. Rc1 Qa5 10. d5 e6 11. c4 Qxd2+ 12. Kxd2 b6 13. Bd3 Rd8 14. Ne2 f5 15.
f3 Nd7 16. h4 fxe4 17. fxe4 Ne5 18. h5 Nxd3 19. Kxd3 exd5 20. exd5 Bf5+ 21. Kd2
b5 22. Ng3 bxc4 23. Nxf5 Rxd5+ 24. Ke2 Rxf5 25. Rxc4 Re8 26. Kd2 Rd5+ 27. Ke2
Bd4 28. hxg6 0-1

[Event "Chess24 Banter Blitz Cup"]
[Site "chess24.com INT"]
[Date "2020.01.07"]
[Round "2.6"]
[White "Grandelius, Nils"]
[Black "Ramirez, Alejandro"]
[Result "1-0"]
[WhiteTitle "GM"]
[BlackTitle "GM"]
[WhiteElo "2691"]
[BlackElo "2589"]
[WhiteFideId "1710400"]
[BlackFideId "6500617"]
[EventDate "2019.09.25"]
[EventType "blitz"]

1. c4 c6 2. Nf3 d5 3. g3 Nf6 4. Bg2 Bf5 5. O-O e6 6. Qb3 Qb6 7. d3 h6 8. Be3 Qc7
9. Nc3 Be7 10. Bf4 Qb6 11. cxd5 exd5 12. Rfe1 Nbd7 13. e4 dxe4 14. dxe4 Be6 15.
Qxb6 Nxb6 16. Nd4 Bd7 17. Nf5 g6 18. Nd6+ Bxd6 19. Bxd6 Be6 20. e5 Nfd5 21. Ne4
O-O-O 22. b3 Nc7 23. Bf1 a6 24. Rac1 Nb5 25. Bc5 Nd5 26. a4 Nbc7 27. Nd6+ Kb8
28. a5 Rd7 29. Bc4 Ne7 30. Nxf7 Rh7 31. Nd6 Ned5 32. Ne4 Rhf7 33. Bd6 Kc8 34.
Nc5 Bh3 35. e6 Nxe6 36. Nxe6 Rxd6 37. Bxd5 Rxd5 38. Nf4 Rxf4 39. gxf4 g5 40. Re3
Bg4 41. fxg5 Rxg5 42. Rg3 Kd7 43. h3 Be6 44. Rxg5 hxg5 45. Kh2 Bd5 46. Kg3 Bxb3
47. Rb1 Be6 48. Rxb7+ Kd6 49. Rb6 Bc4 50. Kg4 Be2+ 51. Kxg5 1-0

[Event "Chess24 Banter Blitz Cup"]
[Site "chess24.com INT"]
[Date "2020.01.07"]
[Round "2.7"]
[White "Ramirez, Alejandro"]
[Black "Grandelius, Nils"]
[Result "1-0"]
[WhiteTitle "GM"]
[BlackTitle "GM"]
[WhiteElo "2589"]
[BlackElo "2691"]
[WhiteFideId "6500617"]
[BlackFideId "1710400"]
[EventDate "2019.09.25"]
[EventType "blitz"]

1. d4 d5 2. c4 e6 3. Nc3 a6 4. cxd5 exd5 5. Bf4 Nf6 6. e3 Bd6 7. Be5 Be6 8. Nf3
O-O 9. Be2 Nc6 10. O-O Bxe5 11. dxe5 Ng4 12. Rc1 Ngxe5 13. Nxe5 Nxe5 14. f4 Nc4
15. Bxc4 dxc4 16. f5 Bd7 17. f6 Re8 18. fxg7 Bc6 19. Qh5 Qe7 20. e4 Qe6 21. Nd5
Bxd5 22. exd5 Qg6 23. Qxg6 hxg6 24. Rxc4 Re7 25. Rfc1 Re2 26. Rxc7 Rxb2 27. d6
Rd8 28. Rc8 Rxc8 29. Rxc8+ 1-0

[Event "Chess24 Banter Blitz Cup"]
[Site "chess24.com INT"]
[Date "2020.01.07"]
[Round "2.8"]
[White "Grandelius, Nils"]
[Black "Ramirez, Alejandro"]
[Result "1/2-1/2"]
[WhiteTitle "GM"]
[BlackTitle "GM"]
[WhiteElo "2691"]
[BlackElo "2589"]
[WhiteFideId "1710400"]
[BlackFideId "6500617"]
[EventDate "2019.09.25"]
[EventType "blitz"]

1. c4 c6 2. Nf3 d5 3. g3 Nf6 4. Bg2 Bf5 5. O-O e6 6. cxd5 exd5 7. Nc3 Be7 8. d3
O-O 9. Nd4 Bg4 10. h3 Bc8 11. e4 c5 12. Nf3 Nc6 13. Bf4 h6 14. e5 Ne8 15. d4 Be6
16. Rc1 Nc7 17. dxc5 Bxc5 18. Na4 Be7 19. Nd4 Qd7 20. Nxc6 bxc6 21. h4 Rab8 22.
Qc2 Rfc8 23. Qxc6 Qxc6 24. Rxc6 Bd7 25. Rxc7 Rxc7 26. e6 fxe6 27. Bxc7 Rc8 28.
Nb6 axb6 29. Bxb6 Rc2 30. Bd4 Bf6 31. Bxf6 gxf6 32. Rb1 d4 33. Be4 Re2 34. Bf3
Rd2 35. Rd1 Rxb2 36. Rxd4 Bb5 37. a4 Rb1+ 38. Kh2 Bf1 39. Rd6 Kf7 40. Rd7+ Ke8
41. Bc6 Kf8 42. Rd8+ Ke7 43. Rd7+ Kf8 44. Rd8+ Ke7 45. Rd7+ Kf8 1/2-1/2

[Event "Chess24 Banter Blitz Cup"]
[Site "chess24.com INT"]
[Date "2020.01.07"]
[Round "2.9"]
[White "Ramirez, Alejandro"]
[Black "Grandelius, Nils"]
[Result "0-1"]
[WhiteTitle "GM"]
[BlackTitle "GM"]
[WhiteElo "2589"]
[BlackElo "2691"]
[WhiteFideId "6500617"]
[BlackFideId "1710400"]
[EventDate "2019.09.25"]
[EventType "blitz"]

1. c4 c5 2. Nf3 Nf6 3. Nc3 e6 4. g3 b6 5. Bg2 Bb7 6. O-O Be7 7. d4 cxd4 8. Qxd4
O-O 9. Rd1 Qc8 10. b3 Na6 11. Bf4 Rd8 12. Rac1 d6 13. Qd2 Nc5 14. b4 Nce4 15.
Nxe4 Bxe4 16. a3 Qb7 17. Ne1 Bxg2 18. Nxg2 Rac8 19. Ne3 e5 20. Bg5 Ne4 21. Bxe7
Nxd2 22. Bxd8 Nb3 23. Bh4 Nxc1 24. Rxc1 Qe4 25. Rd1 h6 26. Be7 Rxc4 27. Nxc4
Qxc4 28. Bxd6 Qxe2 29. Rc1 Qd2 30. Rc8+ Kh7 31. Bb8 Qe1+ 32. Kg2 Qe4+ 33. Kg1 a5
34. bxa5 bxa5 35. Re8 f6 36. Bc7 Qb1+ 37. Kg2 Qb7+ 0-1

[Event "Chess24 Banter Blitz Cup"]
[Site "chess24.com INT"]
[Date "2020.01.07"]
[Round "2.10"]
[White "Grandelius, Nils"]
[Black "Ramirez, Alejandro"]
[Result "1/2-1/2"]
[WhiteTitle "GM"]
[BlackTitle "GM"]
[WhiteElo "2691"]
[BlackElo "2589"]
[WhiteFideId "1710400"]
[BlackFideId "6500617"]
[EventDate "2019.09.25"]
[EventType "blitz"]

1. c4 c6 2. Nf3 d5 3. g3 Nf6 4. Bg2 Bf5 5. O-O e6 6. Qb3 Qb6 7. d3 Nbd7 8. Be3
Bc5 9. d4 Be7 10. Nc3 O-O 11. c5 Qxb3 12. axb3 h6 13. b4 a6 14. h3 Rfe8 15. Nd2
Rac8 16. Nb3 Bd8 17. f4 Ne4 18. g4 Bh7 19. Nxe4 Bxe4 20. Bxe4 dxe4 21. Nd2 f5
22. Nc4 Bc7 23. Kh1 Nf6 24. gxf5 exf5 25. Bd2 Nd5 26. e3 Kf7 27. Rg1 Rg8 28.
Raf1 g6 29. Kg2 Ke6 30. h4 g5 31. hxg5 hxg5 32. fxg5 Rxg5+ 33. Kf2 Rcg8 34. Rxg5
Rxg5 35. Rh1 Rg7 36. Rh6+ Kf7 37. Ne5+ Kg8 38. Bc3 Rh7 39. Rg6+ Kf8 40. Rg5 Rh2+
41. Kg1 Re2 42. Rxf5+ Ke8 43. Ng4 Nxe3 44. Rf2 Rxf2 45. Nxf2 Kd7 46. Nxe4 Ke6
47. Kf2 Ng4+ 48. Ke2 Kd5 49. Kd3 Ke6 50. Bd2 Nh2 51. Nc3 Nf3 52. Be3 Nh4 53. Ke4
Nf5 54. Bf2 Ne7 55. Bh4 Nf5 56. Bf2 Ne7 57. Bh4 Ng6 58. Bf2 Bd8 59. d5+ cxd5+
60. Nxd5 Bf6 61. Nxf6 Kxf6 62. Kd5 Nf4+ 63. Kd6 Nd3 64. Kc7 Kf7 65. Kxb7 Nxb4
66. Kb6 Ke6 67. Ka5 Nd5 68. Kxa6 Nc7+ 1/2-1/2

[Event "Chess24 Banter Blitz Cup"]
[Site "chess24.com INT"]
[Date "2020.01.07"]
[Round "2.11"]
[White "Ramirez, Alejandro"]
[Black "Grandelius, Nils"]
[Result "0-1"]
[WhiteTitle "GM"]
[BlackTitle "GM"]
[WhiteElo "2589"]
[BlackElo "2691"]
[WhiteFideId "6500617"]
[BlackFideId "1710400"]
[EventDate "2019.09.25"]
[EventType "blitz"]

1. d4 d5 2. c4 e6 3. Nc3 Be7 4. cxd5 exd5 5. Bf4 c6 6. e3 Bf5 7. g4 Be6 8. h3
Nd7 9. Bg2 h5 10. f3 hxg4 11. hxg4 Rxh1 12. Bxh1 Bh4+ 13. Kf1 Nf8 14. Bg2 Ng6
15. Bh2 N8e7 16. Nge2 f5 17. Nf4 Nxf4 18. exf4 Qb6 19. Qe2 Qxd4 20. Bg1 Qc4 21.
Qxc4 dxc4 22. g5 Nd5 23. Nxd5 Bxd5 24. Bd4 Bg3 25. Bxg7 Bxf4 26. g6 Kd7 27. Bh3
Rg8 28. Bxf5+ Kd6 29. Bc3 Bxf3 30. Re1 Bd5 31. g7 Bh6 32. Bh7 Rxg7 33. Bxg7 Bxg7
34. Re2 c3 35. bxc3 Bc4 36. Ke1 Bxc3+ 37. Kd1 Bxe2+ 38. Kxe2 Kc5 39. Kd3 Bf6 40.
Bf5 b5 41. Bc8 Kb4 42. Bd7 c5 43. Be8 c4+ 44. Kc2 a6 45. Bd7 Ka3 46. Bc8 a5 47.
Ba6 Kb4 48. Kc1 Kc5 49. Kc2 a4 50. Bc8 b4 51. Bd7 b3+ 52. Kb1 Kb4 53. Be8 c3 54.
axb3 axb3 55. Bg6 Kc5 56. Bh7 Kd4 0-1

[Event "Chess24 Banter Blitz Cup"]
[Site "chess24.com INT"]
[Date "2020.01.07"]
[Round "2.12"]
[White "Grandelius, Nils"]
[Black "Ramirez, Alejandro"]
[Result "1-0"]
[WhiteTitle "GM"]
[BlackTitle "GM"]
[WhiteElo "2691"]
[BlackElo "2589"]
[WhiteFideId "1710400"]
[BlackFideId "6500617"]
[EventDate "2019.09.25"]
[EventType "blitz"]

1. c4 Nf6 2. Nf3 c5 3. g3 g6 4. Bg2 Bg7 5. Nc3 O-O 6. O-O Nc6 7. d4 cxd4 8. Nxd4
d6 9. Nc2 Be6 10. b3 a6 11. Bb2 Rc8 12. Rc1 Nd7 13. Ba1 Nc5 14. Qd2 a5 15. Nb5
Bxa1 16. Rxa1 b6 17. Ncd4 Bd7 18. Rfd1 Nxd4 19. Nxd4 Qc7 20. Rac1 Rfd8 21. Qh6
Be8 22. h4 e6 23. Nf3 Qe7 24. h5 f6 25. hxg6 hxg6 26. Rd4 Qf8 27. Qd2 e5 28. Rh4
Bf7 29. Nh2 g5 30. Rh3 Kg7 31. Bd5 Bxd5 32. Qxd5 Qf7 33. Rh7+ 1-0

[Event "Chess24 Banter Blitz Cup"]
[Site "chess24.com INT"]
[Date "2020.01.07"]
[Round "2.13"]
[White "Ramirez, Alejandro"]
[Black "Grandelius, Nils"]
[Result "1/2-1/2"]
[WhiteTitle "GM"]
[BlackTitle "GM"]
[WhiteElo "2589"]
[BlackElo "2691"]
[WhiteFideId "6500617"]
[BlackFideId "1710400"]
[EventDate "2019.09.25"]
[EventType "blitz"]

1. d4 Nf6 2. c4 e6 3. Nc3 Bb4 4. Qc2 d5 5. cxd5 exd5 6. Bg5 h6 7. Bh4 Nc6 8. e3
g5 9. Bg3 h5 10. f3 Qe7 11. Qd2 h4 12. Bf2 g4 13. O-O-O h3 14. a3 hxg2 15. Bxg2
gxf3 16. Bxf3 Bxc3 17. Qxc3 Ne4 18. Qe1 Bf5 19. Ne2 O-O-O 20. Ng3 Nxg3 21. Bxg3
Rhe8 22. Bf4 Qe6 23. Rg1 b6 24. b4 a6 25. Kb2 Na7 26. Rc1 Nb5 27. Be2 Rd7 28. a4
Nd6 29. Bxa6+ Kb8 30. Qc3 Ka7 31. Bb5 Nc4+ 32. Bxc4 dxc4 33. Qxc4 Qe4 34. a5 Re6
35. Bxc7 Qxe3 36. axb6+ Kb7 37. Rgd1 Qe2+ 38. Qxe2 Rxe2+ 39. Kb3 Be6+ 40. Kc3
Rd5 41. Be5 Kxb6 42. Kd3 Rg2 43. Bc7+ Kb7 44. Bg3 Rf5 45. Ke3 Bd5 46. Rf1 Rxf1
47. Rxf1 Rb2 48. Kf4 Re2 49. Kf5 Re4 50. Kf6 Re6+ 51. Kg7 Rg6+ 52. Kf8 Rxg3 53.
Rxf7+ Bxf7 54. hxg3 Bd5 1/2-1/2

[Event "Chess24 Banter Blitz Cup"]
[Site "chess24.com INT"]
[Date "2020.01.07"]
[Round "2.14"]
[White "Grandelius, Nils"]
[Black "Ramirez, Alejandro"]
[Result "1-0"]
[WhiteTitle "GM"]
[BlackTitle "GM"]
[WhiteElo "2691"]
[BlackElo "2589"]
[WhiteFideId "1710400"]
[BlackFideId "6500617"]
[EventDate "2019.09.25"]
[EventType "blitz"]

1. c4 Nf6 2. Nf3 g6 3. Nc3 Bg7 4. g3 O-O 5. Bg2 c5 6. O-O d6 7. d4 cxd4 8. Nxd4
Nc6 9. Nc2 Bf5 10. b3 Qa5 11. Bd2 Rfc8 12. e4 Bg4 13. f3 Be6 14. Nd5 Qd8 15. Rc1
a6 16. Be3 Nd7 17. Nf4 Nf8 18. Nxe6 Nxe6 19. Bh3 b5 20. Bxe6 fxe6 21. Nd4 Nxd4
22. Bxd4 bxc4 23. Bxg7 Kxg7 24. Rxc4 Rxc4 25. bxc4 Qb6+ 26. Kg2 Rc8 27. Qb3 Qd4
28. Qb7 Re8 29. Qxa6 Rb8 30. Rf2 Rb1 31. Qc8 Kf7 32. c5 dxc5 33. Qc7 c4 34. Qf4+
Kg7 35. Qc7 Kf7 36. Qf4+ Qf6 37. Rc2 Qxf4 38. gxf4 Rb4 39. Kf2 Ra4 40. Ke3 Kf6
41. h4 e5 42. fxe5+ Kxe5 43. f4+ Kd6 44. Kd4 c3+ 45. Kd3 Rxe4 46. Kxe4 1-0

[Event "Chess24 Banter Blitz Cup"]
[Site "chess24.com INT"]
[Date "2020.01.07"]
[Round "2.1"]
[White "Oparin, Grigoriy"]
[Black "Christiansen, Johan-Sebastian"]
[Result "0-1"]
[WhiteTitle "GM"]
[BlackTitle "GM"]
[WhiteElo "2654"]
[BlackElo "2558"]
[WhiteFideId "24125890"]
[BlackFideId "1512668"]
[EventDate "2019.09.25"]
[EventType "blitz"]

1. Nf3 d5 2. g3 Nc6 3. d4 Bf5 4. Bg2 e6 5. Nh4 Bg4 6. h3 Bh5 7. c4 Be7 8. Nf3
Nf6 9. Nc3 O-O 10. O-O dxc4 11. e3 Rb8 12. Qe2 b5 13. a3 Bg6 14. Ne1 Na5 15. Bd2
Nb3 16. Rd1 c5 17. dxc5 Bxc5 18. e4 Nd4 19. Qe3 Nb3 20. Qe2 Qb6 21. Nf3 Rfd8 22.
Bg5 h6 23. Bxf6 gxf6 24. Nh4 Kg7 25. e5 f5 26. Kh2 Nd4 27. Qe1 a5 28. f4 Nc2 29.
Qe2 Ne3 30. Rxd8 Nxf1+ 31. Bxf1 Rxd8 32. g4 Be3 33. Ng2 Rd2 34. Qf3 Rf2 35. Qd1
Bxf4+ 0-1

[Event "Chess24 Banter Blitz Cup"]
[Site "chess24.com INT"]
[Date "2020.01.07"]
[Round "2.2"]
[White "Christiansen, Johan-Sebastian"]
[Black "Oparin, Grigoriy"]
[Result "1/2-1/2"]
[WhiteTitle "GM"]
[BlackTitle "GM"]
[WhiteElo "2558"]
[BlackElo "2654"]
[WhiteFideId "1512668"]
[BlackFideId "24125890"]
[EventDate "2019.09.25"]
[EventType "blitz"]

1. e4 e5 2. Nf3 Nc6 3. Bc4 Nf6 4. d4 exd4 5. O-O Nxe4 6. Re1 d5 7. Bxd5 Qxd5 8.
Nc3 Qh5 9. Nxe4 Be6 10. Bg5 Bd6 11. Nxd6+ cxd6 12. Bf4 Qd5 13. c3 O-O 14. Nxd4
Nxd4 15. Qxd4 Qxd4 16. cxd4 d5 17. Rac1 Rac8 18. Rxc8 Rxc8 19. Rc1 Rxc1+ 20.
Bxc1 1/2-1/2

[Event "Chess24 Banter Blitz Cup"]
[Site "chess24.com INT"]
[Date "2020.01.07"]
[Round "2.3"]
[White "Oparin, Grigoriy"]
[Black "Christiansen, Johan-Sebastian"]
[Result "0-1"]
[WhiteTitle "GM"]
[BlackTitle "GM"]
[WhiteElo "2654"]
[BlackElo "2558"]
[WhiteFideId "24125890"]
[BlackFideId "1512668"]
[EventDate "2019.09.25"]
[EventType "blitz"]

1. g3 e5 2. c4 Nc6 3. Bg2 Bc5 4. e3 d6 5. Nc3 a6 6. Nge2 Ba7 7. b3 h5 8. h3 h4
9. g4 f5 10. gxf5 Bxf5 11. d3 Qd7 12. Ne4 Nf6 13. N2c3 O-O 14. Qe2 Nxe4 15. Bxe4
Rf7 16. Bd2 Raf8 17. O-O-O Bxe4 18. Nxe4 d5 19. cxd5 Qxd5 20. Bc3 a5 21. Rhg1 a4
22. b4 a3 23. Rg4 Ne7 24. Kb1 Nf5 25. Ng5 Re7 26. Re4 c5 27. Qh5 Nh6 28. Qg6
Rxf2 29. Qh7+ Kf8 30. Rc4 Qg2 31. Qh8+ Ng8 32. Nh7+ Kf7 33. Ng5+ Qxg5 34. bxc5
Qg2 35. Qh5+ Kf8 36. Rb4 Bxc5 37. Rb3 Rxa2 38. Rc1 Re2 39. Qf5+ Nf6 40. Bxe5 Rf2
41. Qc8+ Re8 42. Qxc5+ Kg8 43. Qc4+ Kh7 44. Bd4 a2+ 45. Ka1 Re7 46. e4 Re2 47.
Bb2 Rd2 48. e5 Rxe5 49. Qxh4+ Kg6 50. Qc4 Rde2 51. Qc3 R5e3 52. Qxf6+ gxf6 53.
Rb4 Rxb2 54. Rg4+ Qxg4 55. hxg4 Rc2 56. Rxc2 Re1+ 57. Kxa2 Re3 58. Rb2 Rg3 59.
Kb3 Rxg4 60. Rc2 Rg5 61. Rc4 f5 62. Kb4 Rg4 63. Rxg4+ fxg4 64. d4 g3 0-1

[Event "Chess24 Banter Blitz Cup"]
[Site "chess24.com INT"]
[Date "2020.01.07"]
[Round "2.4"]
[White "Christiansen, Johan-Sebastian"]
[Black "Oparin, Grigoriy"]
[Result "0-1"]
[WhiteTitle "GM"]
[BlackTitle "GM"]
[WhiteElo "2558"]
[BlackElo "2654"]
[WhiteFideId "1512668"]
[BlackFideId "24125890"]
[EventDate "2019.09.25"]
[EventType "blitz"]

1. e4 c6 2. d4 d5 3. Nd2 dxe4 4. Nxe4 Nf6 5. Nxf6+ exf6 6. c3 Bd6 7. Bd3 O-O 8.
Ne2 Re8 9. Qc2 h5 10. O-O h4 11. h3 Nd7 12. Bd2 Nf8 13. Rae1 Be6 14. Bf4 Qc7 15.
Bxd6 Qxd6 16. Bf5 Re7 17. Bxe6 Nxe6 18. Qd2 Rae8 19. Rd1 a5 20. Nc1 Nf4 21. Nd3
Nxd3 22. Qxd3 b5 23. b3 g6 24. Rd2 Re1 25. Rd1 R1e4 26. d5 Kg7 27. dxc6 Qxc6 28.
Qd5 Qxc3 29. Qxb5 R8e5 30. Qd3 Qxd3 31. Rxd3 Re2 32. a4 Rb2 33. Rc1 Ree2 34. Rf3
f5 35. Rc4 Re4 36. Rxe4 fxe4 37. Rc3 f5 38. Kf1 Kf6 39. Rc6+ Kg5 40. Rb6 Kf4 41.
Rxg6 Rxb3 42. Ra6 Rb1+ 43. Ke2 Rb2+ 44. Kf1 Rb1+ 45. Ke2 Rg1 46. Rxa5 Rxg2 47.
Kf1 Rh2 48. Ra8 Rxh3 49. Rh8 Kg4 50. a5 Ra3 51. Ra8 Kf3 52. Kg1 f4 53. a6 Ra1+
54. Kh2 Kxf2 55. a7 e3 56. Rf8 f3 57. a8=Q Rxa8 58. Rxa8 e2 59. Ra2 Kf1 60. Ra3
f2 61. Rf3 e1=Q 62. Kh3 Qe6+ 63. Kh2 Qe5+ 64. Kh3 Qg3+ 65. Rxg3 hxg3 0-1

[Event "Chess24 Banter Blitz Cup"]
[Site "chess24.com INT"]
[Date "2020.01.07"]
[Round "2.5"]
[White "Oparin, Grigoriy"]
[Black "Christiansen, Johan-Sebastian"]
[Result "0-1"]
[WhiteTitle "GM"]
[BlackTitle "GM"]
[WhiteElo "2654"]
[BlackElo "2558"]
[WhiteFideId "24125890"]
[BlackFideId "1512668"]
[EventDate "2019.09.25"]
[EventType "blitz"]

1. e3 e5 2. c4 Nf6 3. Nc3 g6 4. Nf3 d6 5. d4 Qe7 6. Be2 Bg7 7. b3 O-O 8. Bb2 e4
9. Nd2 h5 10. Qc2 Bf5 11. h3 h4 12. O-O-O c6 13. g4 hxg3 14. fxg3 g5 15. g4 Bg6
16. h4 gxh4 17. g5 Nh7 18. Rxh4 Nxg5 19. Rdh1 Nf3 20. Rxe4 Bxe4 21. Ndxe4 Nh4
22. Ba3 Rd8 23. Kb1 Ng6 24. Bd3 a5 25. Nxd6 Qxe3 26. Nf5 Qf3 27. Be4 Qf4 28. Bc1
Qg4 29. Qd2 Nd7 30. Nxg7 Kxg7 31. Qh6+ Kg8 32. Qh7+ Kf8 33. Re1 Qg3 34. Re2 Nde5
35. dxe5 Qxc3 36. Bxg6 Rd7 37. e6 Qg7 38. Qxg7+ Kxg7 39. exd7 Kxg6 40. Re8 Rd8
41. Rxd8 Kf6 42. Rg8 Ke6 43. d8=Q Ke5 44. Qd7 f6 45. Qf7 Kf5 46. Re8 b5 47. Qe7
Kg6 48. Rf8 Kf5 49. Qxf6+ Kg4 0-1

[Event "Chess24 Banter Blitz Cup"]
[Site "chess24.com INT"]
[Date "2020.01.07"]
[Round "2.6"]
[White "Christiansen, Johan-Sebastian"]
[Black "Oparin, Grigoriy"]
[Result "1/2-1/2"]
[WhiteTitle "GM"]
[BlackTitle "GM"]
[WhiteElo "2558"]
[BlackElo "2654"]
[WhiteFideId "1512668"]
[BlackFideId "24125890"]
[EventDate "2019.09.25"]
[EventType "blitz"]

1. c4 e6 2. g3 d5 3. Bg2 Nf6 4. Nf3 dxc4 5. Qa4+ Bd7 6. Qxc4 c5 7. Ne5 Qc8 8.
Qd3 Nc6 9. Nxd7 Nxd7 10. O-O Be7 11. Nc3 O-O 12. b3 Rd8 13. Bb2 Nf6 14. Qc2 Nb4
15. Qc1 Qd7 16. Rd1 Rac8 17. d3 b6 18. a3 Nc6 19. e3 Bf8 20. Qc2 g6 21. Rac1 Bg7
22. Qb1 Nd5 23. Qa1 Nxc3 24. Bxc3 Bxc3 25. Qxc3 Ne7 26. h4 Nd5 27. Qb2 h5 28. d4
cxd4 29. Rxd4 Rxc1+ 30. Qxc1 Qe7 31. Qd2 Rd7 32. Bxd5 Rxd5 33. Rxd5 exd5 34. b4
Qe5 35. Qd3 1/2-1/2

[Event "Chess24 Banter Blitz Cup"]
[Site "chess24.com INT"]
[Date "2020.01.07"]
[Round "2.7"]
[White "Oparin, Grigoriy"]
[Black "Christiansen, Johan-Sebastian"]
[Result "0-1"]
[WhiteTitle "GM"]
[BlackTitle "GM"]
[WhiteElo "2654"]
[BlackElo "2558"]
[WhiteFideId "24125890"]
[BlackFideId "1512668"]
[EventDate "2019.09.25"]
[EventType "blitz"]

1. b3 e5 2. Bb2 Nc6 3. e3 d5 4. Bb5 Bd6 5. Nf3 f6 6. c4 a6 7. Bxc6+ bxc6 8. Qc2
Bd7 9. Nc3 Ne7 10. c5 Bxc5 11. Nxd5 cxd5 12. Qxc5 O-O 13. Ba3 Re8 14. Rc1 Rc8
15. O-O Bb5 16. Rfe1 Ng6 17. h3 e4 18. Nd4 Ne5 19. Nxb5 Nd3 20. Qc6 axb5 21.
Qxb5 Ra8 22. Bc5 Nxe1 23. Rxe1 Rxa2 24. Bb4 Qa8 25. Bc3 c6 26. Qc5 Ra6 27. b4
Qa7 28. Qd6 Qe7 29. Qg3 Ra2 30. Rb1 h6 31. b5 cxb5 32. Rxb5 Rd8 33. Rb6 Kh7 34.
Qg4 Qd7 35. Qh5 Raa8 36. h4 Rab8 37. Ra6 Ra8 38. Rb6 Rdb8 39. Rxb8 Rxb8 40. g4
Rb1+ 41. Kg2 Qe6 42. g5 Qf5 0-1

[Event "Chess24 Banter Blitz Cup"]
[Site "chess24.com INT"]
[Date "2020.01.07"]
[Round "2.8"]
[White "Christiansen, Johan-Sebastian"]
[Black "Oparin, Grigoriy"]
[Result "0-1"]
[WhiteTitle "GM"]
[BlackTitle "GM"]
[WhiteElo "2558"]
[BlackElo "2654"]
[WhiteFideId "1512668"]
[BlackFideId "24125890"]
[EventDate "2019.09.25"]
[EventType "blitz"]

1. e4 c5 2. Nf3 d6 3. d4 cxd4 4. Nxd4 Nf6 5. Nc3 Nc6 6. Bg5 Bd7 7. f4 h6 8. Bxf6
gxf6 9. Nb3 h5 10. Be2 h4 11. O-O e6 12. f5 Qb6+ 13. Kh1 h3 14. g3 O-O-O 15. a4
a6 16. a5 Qe3 17. Rf3 Qg5 18. Na4 Ne5 19. Nb6+ Kb8 20. Nxd7+ Rxd7 21. Rf1 d5 22.
fxe6 fxe6 23. exd5 Rxd5 24. Qe1 Be7 25. Ra4 Rhd8 26. Qf2 f5 27. Bxa6 Ng4 28. Qb6
R8d7 29. Be2 Ne3 30. Rg1 Nd1 31. Bxd1 Rxd1 32. a6 f4 33. Ra5 Qg4 34. Nd4 R1xd4
35. Ra3 fxg3 36. hxg3 Qe4+ 37. Kh2 Rd2+ 38. Kxh3 Qh7+ 39. Kg4 R7d4+ 40. Kf3 Qe4# 0-1

[Event "Chess24 Banter Blitz Cup"]
[Site "chess24.com INT"]
[Date "2020.01.07"]
[Round "2.9"]
[White "Oparin, Grigoriy"]
[Black "Christiansen, Johan-Sebastian"]
[Result "0-1"]
[WhiteTitle "GM"]
[BlackTitle "GM"]
[WhiteElo "2654"]
[BlackElo "2558"]
[WhiteFideId "24125890"]
[BlackFideId "1512668"]
[EventDate "2019.09.25"]
[EventType "blitz"]

1. e4 e5 2. Nf3 Nc6 3. Bc4 Nf6 4. d3 Be7 5. O-O O-O 6. a4 d6 7. Nc3 Kh8 8. a5 a6
9. Re1 Ng8 10. Nd5 f5 11. h3 f4 12. d4 Bf6 13. b3 exd4 14. Bb2 Be5 15. Nxd4 f3
16. g3 Bxg3 17. fxg3 f2+ 18. Kg2 fxe1=Q 19. Qxe1 Ne5 20. Be2 Qd7 21. Nf5 Rxf5
22. exf5 Qxf5 23. Nf4 Qxc2 24. Kh2 Nf3+ 0-1

[Event "Chess24 Banter Blitz Cup"]
[Site "chess24.com INT"]
[Date "2020.01.07"]
[Round "2.10"]
[White "Christiansen, Johan-Sebastian"]
[Black "Oparin, Grigoriy"]
[Result "1/2-1/2"]
[WhiteTitle "GM"]
[BlackTitle "GM"]
[WhiteElo "2558"]
[BlackElo "2654"]
[WhiteFideId "1512668"]
[BlackFideId "24125890"]
[EventDate "2019.09.25"]
[EventType "blitz"]

1. e4 c5 2. Nf3 d6 3. Nc3 Nf6 4. e5 dxe5 5. Nxe5 e6 6. Bb5+ Bd7 7. Bxd7+ Nbxd7
8. d4 cxd4 9. Qxd4 Bc5 10. Qa4 b5 11. Qxb5 Rb8 12. Qa4 Rb4 13. Nc6 Bxf2+ 14. Kf1
Rxa4 15. Nxd8 Ra6 16. Nxf7 Rf8 17. Kxf2 Rxf7 18. Ke2 Ng4 19. h3 Nge5 20. Rd1 Rb6
21. Ne4 Ke7 22. b3 Rc6 23. Ba3+ Kd8 24. c4 Ng6 25. Nd6 Rf6 26. g3 Ne7 27. Rd2
Nf5 28. Nxf5 exf5 29. Rad1 Rf7 30. Bd6 Kc8 31. Bf4 h6 32. h4 Nf6 33. Rd8+ Kb7
34. Rb8+ Ka6 35. b4 Rb6 36. Rd6 Ne4 37. Rdxb6+ axb6 38. Ra8+ Kb7 39. Rb8+ Ka7
40. Rd8 g5 41. hxg5 hxg5 42. Bb8+ Kb7 43. a4 Re7 44. Kf1 Nc3 45. a5 bxa5 46.
bxa5 Na4 47. Bd6 Rf7 48. a6+ Kxa6 49. c5 Kb5 50. Rb8+ Kc6 51. Rc8+ Kd5 52. Rd8
Nxc5 53. Bf4+ Ke4 54. Bxg5 Nd3 55. Re8+ Kf3 56. Kg1 Kg4 57. Bh4 f4 58. Rg8+ Kf3
59. gxf4 Nxf4 60. Rg3+ Ke4 61. Bg5 Rf5 62. Bxf4 Rxf4 63. Kg2 Kf5 64. Rf3 Rxf3
65. Kxf3 1/2-1/2

[Event "Chess24 Banter Blitz Cup"]
[Site "chess24.com INT"]
[Date "2020.01.07"]
[Round "2.11"]
[White "Oparin, Grigoriy"]
[Black "Christiansen, Johan-Sebastian"]
[Result "1-0"]
[WhiteTitle "GM"]
[BlackTitle "GM"]
[WhiteElo "2654"]
[BlackElo "2558"]
[WhiteFideId "24125890"]
[BlackFideId "1512668"]
[EventDate "2019.09.25"]
[EventType "blitz"]

1. d4 Nf6 2. Nf3 c5 3. e3 g6 4. dxc5 Bg7 5. a3 O-O 6. Be2 Na6 7. b4 Ne4 8. Nd4
b6 9. cxb6 axb6 10. Bb2 Bb7 11. O-O d5 12. Nd2 Nd6 13. c4 dxc4 14. Nxc4 Nxc4 15.
Bxc4 Nc7 16. Rc1 Nd5 17. Qb3 Nf6 18. Rfd1 Qb8 19. h3 Be4 20. Bd3 Bd5 21. Bc4 Be4
22. Bb5 Bd5 23. Qd3 Be4 24. Qe2 Qb7 25. Bc6 Bxc6 26. Nxc6 b5 27. Nd4 Rab8 28.
Rc5 Ne4 29. Rxb5 Qa6 30. Rxb8 1-0